| 000 | 01260pam a2200337 a 4500 | ||
|---|---|---|---|
| 001 | 015483179 | ||
| 003 | OSt | ||
| 005 | 20201128021117.0 | ||
| 008 | 100202s2011 xxuadk grbd 001 0 eng d | ||
| 020 | _a9780071259453 (pbk.) | ||
| 020 | _a0071259457 (pbk.) | ||
| 040 |
_aStDuBDS _beng _cStDuBDS _dUk _dEG-ScBUE |
||
| 082 | 0 | 0 |
_a332.6 _222 _bSTE |
| 100 | 1 |
_aStewart, Scott D. _936466 |
|
| 245 | 1 | 0 |
_aRunning money : _bprofessional portfolio management / _cScott D. Stewart, Christopher D. Piros, Jeffrey C. Heisler. |
| 250 | _aMcGraw-Hill international ed. | ||
| 260 |
_aNew York, United States : _bMcGraw-Hill, _c2011. |
||
| 300 |
_axvi, 560 p. : _bcharts, forms, tables ; _c26 cm. |
||
| 490 | 1 | _aThe McGraw-Hill / Irwin series in finance, insurance and real estate | |
| 500 | _aGlossary : p. 540-547. | ||
| 500 | _aIndex : p. 554-560. | ||
| 504 | _aBibliography : p. 548-553. | ||
| 650 | 0 |
_aPortfolio management _92032 |
|
| 650 | 0 |
_aPortfolio management _xDecision making _936469 |
|
| 653 |
_bBUSADM _cNovember2014 |
||
| 655 |
_vreading book _934232 |
||
| 700 | 1 |
_aPiros, Christopher Dixon _936467 |
|
| 700 | 1 |
_aHeisler, Jeffrey, _d1959- _936468 |
|
| 830 | 0 | _aMcGraw-Hill / Irwin series in finance, insurance and real estate | |
| 942 |
_2ddc _k332.6 STE |
||
| 999 |
_c18561 _d18533 |
||